| 000 | 00627cam a22002053a 4500 | ||
|---|---|---|---|
| 001 | 40826 | ||
| 003 | PGUSA | ||
| 005 | 20140828083919.0 | ||
| 008 | 120922s2012||||xxu|||||s|||||000 | eng d | ||
| 040 |
_aPGUSA _beng |
||
| 042 | _adc | ||
| 100 | 1 |
_aMcDougall, William, _d1871-1938 |
|
| 245 | 1 | 4 |
_aThe Group Mind : _bA Sketch of the Principles of Collective Psychology _h[electronic resource] / _cWilliam McDougall |
| 260 |
_bProject Gutenberg, _c2012 |
||
| 506 | _aPublic domain in the USA. | ||
| 516 | _aElectronic text | ||
| 830 | 0 |
_aProject Gutenberg _v40826 |
|
| 856 | 4 | 0 | _uhttp://www.gutenberg.org/ebooks/40826 |
| 942 | _cEB | ||
| 999 |
_c270078 _d270078 |
||